Bytový dom

Saved in:
Bibliographic Details
Main Author: Martiš, Ján (Author)
Other Authors: Menďan, Rastislav (Thesis advisor)
Format: Manuscript Book
Language:Slovak
Published: 2025
Subjects:
Online Access:http://is.stuba.sk/zp/portal_zp.pl?podrobnosti=193223
CRZP
Tags: Add Tag
No Tags, Be the first to tag this record!

MARC

LEADER 00000ntm a22000003a 4500
001 stuzp105431
003 SK-STU
005 20250729113241.3
007 ta
008 150427s2015----xo-----f-mn---000-0-slo-d
040 |a STU  |b slo 
041 0 |a slo 
100 1 |a Martiš, Ján  |u 010180  |4 aut  |U SvF Stavebná fakulta  |T SvF Katedra konštrukcií pozemných stavieb  |X 97682  |U V180  |Y 18  |7 97682 
242 0 1 |a Residetial building  |y eng 
245 1 0 |a Bytový dom 
260 |c 2025 
650 4 |a polyfunkcia  |2 slo 
650 4 |a podlažie  |2 slo 
650 4 |a bytový dom  |2 slo 
650 4 |a residential building  |2 eng 
650 4 |a floor  |2 eng 
650 4 |a apartment  |2 eng 
700 1 |a Menďan, Rastislav  |u 010180  |k Z1  |4 ths  |U SvF Stavebná fakulta  |T SvF Katedra konštrukcií pozemných stavieb  |X 776  |U V180  |Y 18  |7 A000000776 
856 4 |u http://is.stuba.sk/zp/portal_zp.pl?podrobnosti=193223 
856 4 |u https://opac.crzp.sk/?fn=detailBiblioForm&sid=34C6DEE6AF59A5FA6B0DDF24BA58  |z CRZP